000 00707nmm a2200265 a 4500
003 AR-BaBNM
005 20251128203455.0
008 117019s1987 ||||||||||||||000 | spa||
020 _a950-574-044-1
040 _cAR-BaBNM
100 1 _aBidart Campos, Germán J.
245 1 0 _aLecciones elementales de política
250 _a5ª ed.
260 _aBuenos Aires
_bEdiar
_c1987
300 0 _a430 p.
504 _aContiene bibliografía al final de cada capítulo
600 1 4 _aMaquiavelo, Nicolás
650 4 _aPOLITICA
650 4 _aFILOSOFIA POLITICA
650 4 _aSISTEMAS POLITICOS
650 4 _aCIENCIAS POLITICAS
650 4 _aREPRESENTACION POLITICA
942 _cBK
998 _csilvi
999 _c3545
_d3545